[Event "Lancaster Major 2nd"]
[Site "Lancaster"]
[Date "2024.08.11"]
[Round "5.19"]
[White "Richmond, Charles J"]
[Black "Blackburn, Jon E"]
[Result "1/2-1/2"]
[WhiteElo "1561"]
[BlackElo "1697"]
[PlyCount "85"]
[EventDate "2024.08.09"]
[EventType "swiss"]
[EventRounds "5"]
[EventCountry "ENG"]
[SourceTitle "BritBase"]
[Source "John Saunders"]
[SourceDate "2024.08.31"]
[SourceVersion "1"]
[SourceVersionDate "2024.08.28"]
[SourceQuality "1"]

1. e4 e6 2. Nf3 d5 3. exd5 exd5 4. d4 Bd6 5. Bd3 Ne7 6. c3 Bf5 7. Bg5 f6 8. Bh4 Bxd3 9. Qxd3 O-O 10. O-O Nd7 11. Nbd2 Ng6 12. Bg3 Nb6 13. b3 Qd7 14. c4 dxc4 15. bxc4 Kh8 16. Bxd6 cxd6 17. Rfd1 Rfe8 18. Re1 Nf4 19. Qb3 Qg4 20. g3 Ne2+ 21. Kg2 Nxd4 22. Qd3 Nxf3 23. Qxf3 Qxf3+ 24. Kxf3 Re5 25. Kg2 Rae8 26. Kf1 Kg8 27. f4 Re3 28. Kf2 Rxe1 29. Rxe1 Rxe1 30. Kxe1 Kf7 31. Ke2 Ke6 32. Kd3 f5 33. Kd4 Nd7 34. Nb3 b6 35. Nc1 Nf6 36. Ne2 Ne4 37. a4 Nd2 38. Kd3 Nb3 39. Nc3 Nc5+ 40. Kd4 g6 41. h3 h6 42. h4 h5 43. Ke3 1/2-1/2

[Event "Lancaster Major 2nd"]
[Site "Lancaster"]
[Date "2024.08.11"]
[Round "5.20"]
[White "Blackburn, Sandra G"]
[Black "Llewellyn, Alan Mansel"]
[Result "1/2-1/2"]
[WhiteElo "1528"]
[BlackElo "1644"]
[PlyCount "73"]
[EventDate "2024.08.09"]
[EventType "swiss"]
[EventRounds "5"]
[EventCountry "ENG"]
[SourceTitle "BritBase"]
[Source "John Saunders"]
[SourceDate "2024.08.31"]
[SourceVersion "1"]
[SourceVersionDate "2024.08.28"]
[SourceQuality "1"]

1. d4 Nf6 2. Nf3 d5 3. Bf4 g6 4. e3 Bg7 5. Bd3 O-O 6. O-O Nc6 7. c3 Nd7 8. Bc2 e5 9. dxe5 Ndxe5 10. Nxe5 Nxe5 11. Bxe5 Bxe5 12. Nd2 Qd6 13. Nf3 Bg4 14. h3 Bxf3 15. Qxf3 c6 16. Rad1 Qf6 17. Qxf6 Bxf6 18. Rd3 Rfe8 19. Rfd1 Re7 20. Kf1 b6 21. a4 a5 22. b3 Rae8 23. c4 dxc4 24. bxc4 c5 25. Rd6 Re6 26. Rxe6 Rxe6 27. Rd7 Kf8 28. e4 Ke8 29. Rd5 Be7 30. f3 Bd6 31. Kf2 f6 32. g4 g5 33. e5 Bxe5 34. Bxh7 Rd6 35. Rxd6 Bxd6 36. Be4 Ke7 37. Bc6 1/2-1/2

[Event "Lancaster Major 2nd"]
[Site "Lancaster"]
[Date "2024.08.11"]
[Round "5.21"]
[White "Collins, Nigel"]
[Black "Murdoch, Stephen"]
[Result "0-1"]
[WhiteElo "1500"]
[BlackElo "1609"]
[PlyCount "64"]
[EventDate "2024.08.09"]
[EventType "swiss"]
[EventRounds "5"]
[EventCountry "ENG"]
[SourceTitle "BritBase"]
[Source "John Saunders"]
[SourceDate "2024.08.31"]
[SourceVersion "1"]
[SourceVersionDate "2024.08.28"]
[SourceQuality "1"]

1. c4 c6 2. e4 d5 3. cxd5 cxd5 4. exd5 Nf6 5. Nc3 g6 6. Bb5+ Nbd7 7. Nf3 a6 8. Bc4 b5 9. Bb3 Bg7 10. d6 e6 11. d4 O-O 12. O-O Nb6 13. Bg5 Bb7 14. Re1 h6 15. Be3 Qxd6 16. Ne5 Rad8 17. Qd2 Kh7 18. Rad1 b4 19. Ne2 Ne4 20. Qc1 Rc8 21. Qb1 Nd7 22. Nxd7 Qxd7 23. Bc2 f5 24. f3 Ng5 25. h4 Nxf3+ 26. gxf3 Bxf3 27. Rd2 Bf6 28. Bf2 Qe7 29. Kf1 Bxh4 30. Ng1 Bg4 31. Rd3 Bxf2 32. Kxf2 Qh4+ 0-1